Полное собрание сочинений. 10: Стихи (Запись № 13631446)

Подробности
000 -МАРКЕР
контрольное поле 01353nam2a2200253 4500
001 - ИДЕНТИФИКАТОР ЗАПИСИ
контрольное поле rc\2939648
005 - ИДЕНТИФИКАТОР ВЕРСИИ
контрольное поле 20241127104045.0
035 ## - ДРУГИЕ СИСТЕМНЫЕ НОМЕРА
Идентификатор записи (NLR Aleph) 007213999
100 ## - ДАННЫЕ ОБЩЕЙ ОБРАБОТКИ
Данные общей обработки 20110825d1935 u y0rusy50 ca
101 0# - ЯЗЫК РЕСУРСА
Язык текста, звукозаписи и т.д. русский
102 ## - СТРАНА ПУБЛИКАЦИИ ИЛИ ПРОИЗВОДСТВА
Страна публикации Российская Федерация
105 ## - ПОЛЕ КОДИРОВАННЫХ ДАННЫХ: ТЕКСТОВЫЕ МАТЕРИАЛЫ, МОНОГРАФИЧЕСКИЕ
Кодированные данные о монографическом текстовом документе c z |||||
200 1# - ЗАГЛАВИЕ И СВЕДЕНИЯ ОБ ОТВЕТСТВЕННОСТИ
Основное заглавие Стихи
Сведения, относящиеся к заглавию 1929-1930
Первые сведения об ответственности Под общ. ред. Л.Ю. Брик и И. Беспалова
Последующие сведения об ответственности Ред. и прим. В. Катаняна
210 ## - ПУБЛИКАЦИЯ, РАСПРОСТРАНЕНИЕ И ДР.
Место издания, распространения и т.д. Москва
Имя издателя, распространителя и т. д. Худож. лит.
Дата издания, распространения и т.д. 1935
Имя изготовителя 1 тип. Трансжелдориздата
215 ## - ФИЗИЧЕСКАЯ ХАРАКТЕРИСТИКА
Специфическое обозначение материала и объем Переплет, 249, [4] с., 1 вкл. л. портр.
Другие сведения о физической характеристике портр.
461 #0 - УРОВЕНЬ НАБОРА
Встроенное поле 001rc\2939637
-- 2001#$aПолное собрание сочинений$eТ. 1-$fВ.В. Маяковский$gПод общей редакцией Л.Ю. Брик$v10
-- 700#1$aМаяковский$bВ.В.$gВладимир Владимирович$f1893-1930
Системный номер (АБИС) связанной записи 7677269
Автор Маяковский, В. В. (1893-1930)
Место публикации Москва
Дата публикации 1934-1937
Первые сведения об ответственности В.В. Маяковский
Имя издателя, распространителя и т.д. Гослитиздат
Сведения, относящиеся к заглавию Т. 1-
Заглавие Полное собрание сочинений
Номер тома 10
702 #1 - ИМЯ ЛИЦА - ВТОРИЧНАЯ ОТВЕТСТВЕННОСТЬ
Начальный элемент ввода Катанян
Часть имени, кроме начального элемента ввода В. А.
Даты 1902-1980
Расширение инициалов личного имени Василий Абгарович
Идентификатор авторитетной/нормативной записи RU\NLR\AUTH\770274329
Код отношения Редактор
801 #0 - ИСТОЧНИК ЗАПИСИ
Страна Российская Федерация
Организация NLR
Правила каталогизации psbo
801 #1 - ИСТОЧНИК ЗАПИСИ
Страна Российская Федерация
Организация ELAR
Источник данных rusmarc
852 ## - МЕСТОНАХОЖДЕНИЕ И ШИФР ХРАНЕНИЯ
Идентификатор организации NLR
Шифр хранения (Call Number) 34-16/115(10)
942 ## - ДОПОЛНИТЕЛЬНЫЕ ЭЛЕМЕНТЫ ЗАПИСИ (АБИС)
Тип экземпляра АБИС Книга
980 ## - КОЛЛЕКЦИЯ
Название коллекции Национальная библиография

Нет доступных экземпляров.